| 000 | 00531cam a2200133u 4500 | ||
|---|---|---|---|
| 082 |
_a923.8-243 _bBIS |
||
| 100 | 1 |
_aBusch, Moritz, _950489 |
|
| 245 | 0 | 0 | _aBismarck; some secret pages of his history; being a diary kept by Dr. Moritz Busch during twenty-five years' offical and private intercourse with the great chancellor, |
| 260 |
_aNew York, _bThe Macmillan company; _c1898. |
||
| 300 |
_a2 v. _b2 pl., 4 port. (incl. fronts.) _c24 cm. |
||
| 526 |
_a0 _b0 _c0 _d923_000000000000000_8243_BIS |
||
| 650 |
_aMCE _9379 |
||
| 942 |
_2ddc _cBK |
||
| 999 |
_c553287 _d553287 |
||